[Event "SV Welper 2 - SV Eichlinghofen 2"]
[Site "Verbandsklasse - Gruppe 2 202"]
[Date "2022.01.16"]
[Round "4.1"]
[White "Zachos, Ingo"]
[Black "Marx, Patrick"]
[Result "1-0"]
[WhiteElo "1963"]
[BlackElo "1958"]
[PlyCount "123"]
[EventDate "2022.??.??"]
[WhiteTeam "SV Eichlinghofen 2"]
[BlackTeam "SV Welper 2"]

1. Nf3 d5 2. c4 c6 3. g3 Nf6 4. Bg2 Bf5 5. cxd5 cxd5 6. Qb3 Qb6 7. Qxb6 axb6 8.
Nc3 e6 9. b3 Nc6 10. Bb2 Be7 11. O-O O-O 12. Rfc1 h6 13. d3 Rac8 14. a3 Rfd8
15. b4 Bg4 16. Nb5 Ne8 17. h3 Bh5 18. g4 Bg6 19. Nfd4 Nxd4 20. Bxd4 Bf6 21.
Bxf6 Nxf6 22. Kf1 Kf8 23. Ke1 Ke7 24. Kd2 Kd7 25. Nc3 Ke7 26. Na4 Nd7 27. Nc3
f6 28. f4 Rf8 29. f5 exf5 30. Nxd5+ Kf7 31. Nf4 Ne5 32. d4 Rcd8 33. Bd5+ Rxd5
34. Nxd5 Rd8 35. Rc7+ Kf8 36. dxe5 Rxd5+ 37. Ke1 Rxe5 38. Rd1 fxg4 39. Rd8+ Be8
40. hxg4 f5 41. gxf5 Rxf5 42. Rxb7 b5 43. Rc7 Rf6 44. e3 h5 45. Rd4 Re6 46. Kf2
g5 47. Rd5 g4 48. Rf5+ Kg8 49. Rg5+ Kf8 50. Ra7 Re4 51. Rc5 h4 52. Rf5+ Kg8 53.
Rg5+ Kf8 54. Rh7 h3 55. Rc7 g3+ 56. Rxg3 Rh4 57. Rf3+ Kg8 58. Rg3+ Kf8 59. Rg1
Bf7 60. Kg3 h2 61. Rh1 Re4 62. Rc3 1-0

[Event "SV Welper 2 - SV Eichlinghofen 2"]
[Site "Verbandsklasse - Gruppe 2 202"]
[Date "2022.01.16"]
[Round "4.2"]
[White "Teich, Udo"]
[Black "Lenz, Helmut"]
[Result "0-1"]
[WhiteElo "1861"]
[BlackElo "1977"]
[PlyCount "108"]
[EventDate "2022.??.??"]
[WhiteTeam "SV Welper 2"]
[BlackTeam "SV Eichlinghofen 2"]

1. Nf3 b6 2. g3 Bb7 3. Bg2 f5 4. c4 Nf6 5. Nc3 e6 6. O-O Be7 7. d3 O-O 8. e4
fxe4 9. Ng5 h6 10. Ngxe4 Nxe4 11. dxe4 Nc6 12. Qg4 Ne5 13. Qe2 Bc5 14. Bf4 Qf6
15. Rad1 Rad8 16. a3 g5 17. Bxe5 Qxe5 18. Rd3 a5 19. Nd1 d5 20. Qd2 d4 21. b4
axb4 22. axb4 Be7 23. f4 Qg7 24. b5 c5 25. bxc6 Bxc6 26. Nf2 b5 27. e5 Bxg2 28.
Kxg2 bxc4 29. Rxd4 gxf4 30. Rxd8 f3+ 31. Kg1 Bxd8 32. Qc3 Bb6 33. Re1 Qa7 34.
Rf1 Qa4 35. Rc1 Qa2 36. Rc2 Qb1+ 37. Rc1 Qf5 38. Qxc4 Bxf2+ 39. Kxf2 Qh3 40.
Ke3 f2 41. Rf1 Qf5 42. Qe4 Qg5+ 43. Ke2 Qh5+ 44. Ke3 Rf5 45. Kd4 Qe8 46. g4
Qa4+ 47. Ke3 Qb3+ 48. Kd2 Qb2+ 49. Qc2 Qd4+ 50. Qd3 Qxg4 51. Qd8+ Rf8 52. Qc7
Qf4+ 53. Ke2 Qe4+ 54. Kd2 Ra8 0-1

[Event "SV Welper 2 - SV Eichlinghofen 2"]
[Site "Verbandsklasse - Gruppe 2 202"]
[Date "2022.01.16"]
[Round "4.3"]
[White "Guddat, Joern"]
[Black "Sharma, Danesh"]
[Result "1/2-1/2"]
[WhiteElo "1753"]
[BlackElo "1900"]
[PlyCount "108"]
[EventDate "2022.??.??"]
[WhiteTeam "SV Eichlinghofen 2"]
[BlackTeam "SV Welper 2"]

1. d4 Nf6 2. c4 d6 3. Nf3 g6 4. Nc3 Bg7 5. g3 O-O 6. Bg2 Nbd7 7. O-O c6 8. Bg5
h6 9. Bf4 Nh5 10. Qd2 Nxf4 11. Qxf4 e5 12. dxe5 dxe5 13. Qd2 Nb6 14. c5 Nd5 15.
Ne4 Qe7 16. Rfd1 Bg4 17. Rac1 Rad8 18. Nd6 e4 19. Nd4 e3 20. Qd3 exf2+ 21. Kxf2
Bxd4+ 22. Qxd4 Qxe2+ 23. Kg1 Qe3+ 24. Qxe3 Nxe3 25. Re1 Nxg2 26. Kxg2 Be6 27.
a3 b6 28. b4 bxc5 29. bxc5 Rb8 30. Rb1 Rfd8 31. Kf2 Kf8 32. Ke3 Ba2 33. Rb4 a5
34. Rxb8 Rxb8 35. Kd4 a4 36. Re3 Bd5 37. h4 Rb1 38. Kc3 Rb3+ 39. Kd4 Rb1 40.
Kc3 Rb3+ 41. Kd4 Rxe3 42. Kxe3 Ke7 43. Kd4 Ke6 44. Nc4 Bxc4 45. Kxc4 Ke5 46.
Kb4 Kd4 47. Kxa4 Kc4 48. Ka5 Kxc5 49. Ka6 f5 50. Kb7 Kb5 51. a4+ Kxa4 52. Kxc6
g5 53. hxg5 hxg5 54. Kd5 f4 1/2-1/2

[Event "SV Welper 2 - SV Eichlinghofen 2"]
[Site "Verbandsklasse - Gruppe 2 202"]
[Date "2022.01.16"]
[Round "4.4"]
[White "Heidt, Viktor"]
[Black "Witthaus, Martin"]
[Result "1/2-1/2"]
[WhiteElo "1816"]
[BlackElo "1753"]
[PlyCount "28"]
[EventDate "2022.??.??"]
[WhiteTeam "SV Welper 2"]
[BlackTeam "SV Eichlinghofen 2"]

1. c4 Nf6 2. Nc3 d5 3. cxd5 Nxd5 4. e4 Nxc3 5. bxc3 e5 6. Nf3 Bd6 7. d4 Bg4 8.
Qa4+ Qd7 9. Qxd7+ Nxd7 10. Nd2 exd4 11. cxd4 O-O-O 12. f3 Bh5 13. a3 Rhe8 14.
Bb2 f6 1/2-1/2

[Event "SV Welper 2 - SV Eichlinghofen 2"]
[Site "Verbandsklasse - Gruppe 2 202"]
[Date "2022.01.16"]
[Round "4.5"]
[White "Buechle, Manfred"]
[Black "Leimkuehler, Dirk"]
[Result "0-1"]
[WhiteElo "1724"]
[BlackElo "1798"]
[PlyCount "80"]
[EventDate "2022.??.??"]
[WhiteTeam "SV Eichlinghofen 2"]
[BlackTeam "SV Welper 2"]

1. e4 d5 2. exd5 Qxd5 3. Nf3 Nf6 4. d4 Bg4 5. Be2 e6 6. O-O Be7 7. c4 Qd8 8.
Nc3 c6 9. Be3 O-O 10. h3 Bh5 11. Ne5 Bxe2 12. Qxe2 Nbd7 13. Rfd1 Qc7 14. f4
Rad8 15. a3 a5 16. Rac1 Rfe8 17. Nxd7 Rxd7 18. Qf2 Qb8 19. g3 b5 20. c5 Nd5 21.
Nxd5 exd5 22. Rd3 f5 23. Bd2 a4 24. Re1 Bf6 25. Rxe8+ Qxe8 26. Re3 Re7 27. Rxe7
Qxe7 28. Qe3 Qe4 29. Qxe4 fxe4 30. Bc3 h5 31. h4 Kf7 32. Kf2 Ke6 33. Ke3 Kf5
34. Be1 Kg4 35. Bf2 Bd8 36. Be1 g6 37. Ke2 Bf6 38. Ke3 Kh3 39. Bf2 Kg2 40. Be1
Bg7 0-1

[Event "SV Welper 2 - SV Eichlinghofen 2"]
[Site "Verbandsklasse - Gruppe 2 202"]
[Date "2022.01.16"]
[Round "4.6"]
[White "Wallhof, Dieter"]
[Black "Milkert, Sascha"]
[Result "0-1"]
[WhiteElo "1804"]
[BlackElo "1673"]
[PlyCount "58"]
[EventDate "2022.??.??"]
[WhiteTeam "SV Welper 2"]
[BlackTeam "SV Eichlinghofen 2"]

1. Nf3 d5 2. g3 Bf5 3. Bg2 e6 4. d3 Nf6 5. Nbd2 Nbd7 6. O-O c5 7. b3 Qc7 8. a4
h5 9. Re1 O-O-O 10. h3 Bd6 11. Bb2 Bxh3 12. Bxh3 Bxg3 13. Nf1 Bf4 14. e3 g5 15.
exf4 g4 16. Ne5 gxh3 17. Qf3 Rhg8+ 18. Kh1 Ng4 19. Ng3 Ndf6 20. Nxh5 Nxf2+ 21.
Qxf2 Nxh5 22. Rg1 f6 23. Ng4 d4 24. Raf1 Rg7 25. Bc1 Rdg8 26. f5 Rxg4 27. Bf4
Qc6+ 28. Kh2 Rg2+ 29. Kxh3 Nxf4+ 0-1

[Event "SV Welper 2 - SV Eichlinghofen 2"]
[Site "Verbandsklasse - Gruppe 2 202"]
[Date "2022.01.16"]
[Round "4.7"]
[White "Baltes, Sven"]
[Black "Sharma, Rakesh"]
[Result "0-1"]
[WhiteElo "1656"]
[BlackElo "1762"]
[PlyCount "100"]
[EventDate "2022.??.??"]
[WhiteTeam "SV Eichlinghofen 2"]
[BlackTeam "SV Welper 2"]

1. e4 c6 2. d4 d5 3. e5 c5 4. f4 Nc6 5. dxc5 e6 6. Be3 Bxc5 7. Bxc5 Qa5+ 8. Nd2
Qxc5 9. Ne2 Nb4 10. Rc1 Nxa2 11. Nb3 Qe3 12. Ra1 Nb4 13. Nbd4 Bd7 14. Ra3 Qe4
15. Qd2 a5 16. Re3 Qg6 17. Ng3 h5 18. h4 Nh6 19. c3 Qb1+ 20. Ke2 Nc6 21. Kf3
Nxd4+ 22. cxd4 Qg6 23. Rb3 Qg4+ 24. Kf2 Bc6 25. Be2 Qg6 26. Bxh5 Ng4+ 27. Bxg4
Qxg4 28. h5 Rc8 29. Ra1 a4 30. Rf3 Bd7 31. Raa3 b5 32. Rac3 Ke7 33. Rc5 Rxc5
34. dxc5 Rc8 35. Qd4 Bc6 36. Qe3 g6 37. hxg6 Qxg6 38. f5 Qg4 39. f6+ Kd7 40.
Ne2 b4 41. Qd4 Rg8 42. Rg3 Qxd4+ 43. Nxd4 Rxg3 44. Kxg3 a3 45. bxa3 bxa3 46.
Nb3 Ba4 47. Na1 Kc6 48. Kf4 Kxc5 49. g4 Kc4 50. g5 Be8 0-1

[Event "SK Werne 1 - SV Sterkrade-Nord 2"]
[Site "Verbandsklasse - Gruppe 3 202"]
[Date "2022.01.16"]
[Round "4.1"]
[White "Wortmann, Dirk"]
[Black "Schlierkamp, Ferdinand"]
[Result "0-1"]
[WhiteElo "1946"]
[BlackElo "2003"]
[PlyCount "38"]
[EventDate "2022.??.??"]
[WhiteTeam "SV Sterkrade-Nord 2"]
[BlackTeam "SK Werne 1"]

1. d4 d5 2. Nf3 Nf6 3. c4 c6 4. e3 e6 5. Nbd2 Nbd7 6. b3 Bd6 7. Bb2 O-O 8. Bd3
Qc7 9. cxd5 exd5 10. Rc1 Re8 11. Bb1 Nf8 12. Qc2 Ng6 13. h4 Ng4 14. h5 Nf8 15.
Ng5 Bg3 16. Nde4 dxe4 17. Ke2 Nxf2 18. Rhf1 Bg4+ 19. Kd2 Qa5+ 0-1

[Event "SK Werne 1 - SV Sterkrade-Nord 2"]
[Site "Verbandsklasse - Gruppe 3 202"]
[Date "2022.01.16"]
[Round "4.2"]
[White "Meya, Carsten"]
[Black "Labuda, Markus"]
[Result "1-0"]
[WhiteElo "1831"]
[BlackElo "1946"]
[PlyCount "73"]
[EventDate "2022.??.??"]
[WhiteTeam "SK Werne 1"]
[BlackTeam "SV Sterkrade-Nord 2"]

1. e4 e6 2. d4 d5 3. Bd3 Nf6 4. e5 Nfd7 5. Nf3 c5 6. c3 Nc6 7. O-O Qb6 8. Bc2
Be7 9. b3 O-O 10. Qd3 g6 11. Bh6 Re8 12. Re1 cxd4 13. cxd4 Nb4 14. Qd2 Nxc2 15.
Qxc2 f6 16. Nc3 fxe5 17. dxe5 Bf8 18. Qd2 Qb4 19. Rac1 Qg4 20. Nb5 Bb4 21. Nc3
Nc5 22. Nd4 Ne4 23. Nxe4 Bxd2 24. Nf6+ Kf7 25. Nxg4 Bxe1 26. Rxe1 Bd7 27. Nf6
Re7 28. Bd2 Kg7 29. Nxd7 Rxd7 30. Nxe6+ Kg8 31. Nd4 a5 32. e6 Re7 33. Bg5 Ree8
34. Nb5 h6 35. Bxh6 Kh7 36. Bg5 Rg8 37. e7 1-0

[Event "SK Werne 1 - SV Sterkrade-Nord 2"]
[Site "Verbandsklasse - Gruppe 3 202"]
[Date "2022.01.16"]
[Round "4.3"]
[White "Altenburg, Frank"]
[Black "Gäßner, Marcus"]
[Result "1/2-1/2"]
[WhiteElo "1853"]
[BlackElo "1821"]
[PlyCount "24"]
[EventDate "2022.??.??"]
[WhiteTeam "SV Sterkrade-Nord 2"]
[BlackTeam "SK Werne 1"]

1. d4 d5 2. Nf3 Nf6 3. g3 g6 4. Bg2 Bg7 5. O-O O-O 6. c4 c6 7. b3 h6 8. Nc3 b6
9. Bb2 Bb7 10. Qc2 Nbd7 11. Rad1 Qc7 12. Rfe1 Rfe8 1/2-1/2

[Event "SK Werne 1 - SV Sterkrade-Nord 2"]
[Site "Verbandsklasse - Gruppe 3 202"]
[Date "2022.01.16"]
[Round "4.4"]
[White "Schotte, Ralf"]
[Black "Matthies, Jochen"]
[Result "1/2-1/2"]
[WhiteElo "1707"]
[BlackElo "1747"]
[PlyCount "84"]
[EventDate "2022.??.??"]
[WhiteTeam "SK Werne 1"]
[BlackTeam "SV Sterkrade-Nord 2"]

1. e4 e5 2. Nf3 d6 3. d4 exd4 4. Nxd4 Nf6 5. Nc3 Be7 6. Bc4 O-O 7. Bb3 Nbd7 8.
O-O Nc5 9. Re1 Nxb3 10. axb3 Re8 11. Qd3 h6 12. Bd2 Bf8 13. Nd5 c6 14. Nxf6+
Qxf6 15. c4 Qg6 16. Re3 Bd7 17. Rg3 Qxe4 18. Qc3 g6 19. Re3 Qh4 20. Nf3 Qd8 21.
Qc1 Kh7 22. Rxe8 Qxe8 23. Be3 a6 24. Qd2 Be6 25. Re1 Qd7 26. Bf4 d5 27. Ne5 Qe7
28. Qe2 Re8 29. Qd1 Bg7 30. Nd3 dxc4 31. bxc4 Rd8 32. Qf3 Qf6 33. Nc5 Qxb2 34.
Nxe6 fxe6 35. Qe4 Qf6 36. g3 Re8 37. Rb1 e5 38. Be3 b5 39. cxb5 cxb5 40. Rc1
Re6 41. Rc7 h5 42. Qb7 e4 1/2-1/2

[Event "SK Werne 1 - SV Sterkrade-Nord 2"]
[Site "Verbandsklasse - Gruppe 3 202"]
[Date "2022.01.16"]
[Round "4.5"]
[White "Schmidt, Michael"]
[Black "Scharfenkamp, Bernd"]
[Result "1/2-1/2"]
[WhiteElo "1753"]
[BlackElo "1618"]
[PlyCount "45"]
[EventDate "2022.??.??"]
[WhiteTeam "SV Sterkrade-Nord 2"]
[BlackTeam "SK Werne 1"]

1. e4 e5 2. Nc3 Nf6 3. f4 d5 4. fxe5 Nxe4 5. Qf3 Nxc3 6. bxc3 Be7 7. d4 O-O 8.
Bd3 f6 9. Qh5 f5 10. Nh3 Qe8 11. Qf3 c6 12. O-O Qg6 13. Nf4 Qf7 14. Bd2 b6 15.
Rae1 g6 16. Qe2 Be6 17. Nh3 c5 18. Qf3 Nc6 19. Bb5 Na5 20. Bg5 c4 21. Bxe7 Qxe7
22. Nf4 Rfd8 23. Ba6 1/2-1/2

[Event "SK Werne 1 - SV Sterkrade-Nord 2"]
[Site "Verbandsklasse - Gruppe 3 202"]
[Date "2022.01.16"]
[Round "4.6"]
[White "Höselbarth, Thomas"]
[Black "Schocke, Mark"]
[Result "1/2-1/2"]
[WhiteElo "1571"]
[BlackElo "1713"]
[Annotator "Schlierkamp,Ferdinand"]
[PlyCount "53"]
[EventDate "2022.??.??"]
[WhiteTeam "SK Werne 1"]
[BlackTeam "SV Sterkrade-Nord 2"]

1. d4 d5 2. c4 e6 3. Nc3 Nf6 4. Bg5 Be7 5. Nf3 h6 6. Bh4 a6 7. e3 O-O 8. Bd3
Nbd7 9. O-O dxc4 10. Bxc4 b5 11. Bd3 c5 12. Rc1 c4 13. Bb1 Bb7 14. Re1 Rc8 15.
a3 g6 16. Nd2 Nh5 17. Bxe7 Qxe7 18. Nf3 Rfd8 19. Qe2 e5 20. dxe5 Nxe5 21. Nxe5
Qxe5 22. Rcd1 Ng7 23. Rd2 Qg5 24. Be4 Rxd2 25. Qxd2 Bxe4 (25... Rd8 26. Qe2
Bxe4 27. Nxe4 Qe5 28. Nc3 Rd3 29. Rd1 Qd6 30. Rxd3 cxd3 31. Qd2 f5 32. Na2 Ne6
33. Nc1 Qc6 34. Nxd3 Qd6 35. Qc2 Kf7 36. h3) 26. Nxe4 Qe5 27. Nc3 1/2-1/2

[Event "SK Werne 1 - SV Sterkrade-Nord 2"]
[Site "Verbandsklasse - Gruppe 3 202"]
[Date "2022.01.16"]
[Round "4.7"]
[White "Wachsmuth, GÃ¼nter"]
[Black "Nadrowski, Joseph"]
[Result "1-0"]
[WhiteElo "1670"]
[BlackElo "1533"]
[PlyCount "45"]
[EventDate "2022.??.??"]
[WhiteTeam "SV Sterkrade-Nord 2"]
[BlackTeam "SK Werne 1"]

1. e4 d6 2. d4 Nf6 3. Nc3 g6 4. Be2 Bg7 5. h4 h5 6. Nf3 Bg4 7. Ng5 Bxe2 8. Qxe2
c6 9. Qc4 O-O 10. Be3 Nbd7 11. f3 Rc8 12. Qe2 b5 13. a3 a6 14. g4 Nb6 15. e5
Nfd5 16. Nxd5 Nxd5 17. e6 Nxe3 18. Qxe3 Bh6 19. exf7+ Kh8 20. Qe6 Bxg5 21. hxg5
h4 22. Rxh4+ Kg7 23. Rh6 1-0

[Event "SK Werne 1 - SV Sterkrade-Nord 2"]
[Site "Verbandsklasse - Gruppe 3 202"]
[Date "2022.01.16"]
[Round "4.8"]
[White "Ismail Zade, Hamed"]
[Black "Hibbeln, Christian"]
[Result "0-1"]
[WhiteElo "1374"]
[BlackElo "1818"]
[PlyCount "42"]
[EventDate "2022.??.??"]
[WhiteTeam "SK Werne 1"]
[BlackTeam "SV Sterkrade-Nord 2"]

1. d4 e5 2. dxe5 Nc6 3. Nf3 Qe7 4. Qd5 f6 5. Nc3 fxe5 6. Bg5 Nf6 7. Bxf6 gxf6
8. O-O-O d6 9. Kb1 Be6 10. Qb5 O-O-O 11. e4 f5 12. Nd5 Qg7 13. exf5 Bxf5 14.
Qa4 Qg4 15. Qb3 Nd4 16. Ne3 Nxb3 17. Nxg4 Bxg4 18. axb3 Be7 19. Bd3 d5 20. Nxe5
Bxd1 21. Nf7 Bh5 0-1

[Event "SV Eichlinghofen 1 - SV Recklinghausen-"]
[Site "Verbandsklasse - Gruppe 3 202"]
[Date "2022.01.16"]
[Round "4.1"]
[White "Callenberg, Ralf"]
[Black "Watzlawek, Markus"]
[Result "1-0"]
[WhiteElo "2033"]
[BlackElo "2048"]
[PlyCount "65"]
[EventDate "2022.??.??"]
[WhiteTeam "SV Recklinghausen-Süd 1"]
[BlackTeam "SV Eichlinghofen 1"]

1. c4 f5 2. g3 Nf6 3. Bg2 g6 4. Nc3 Bg7 5. d3 d6 6. e4 O-O 7. Nge2 fxe4 8. dxe4
c5 9. O-O Nc6 10. h3 e5 11. Nd5 Nxd5 12. Qxd5+ Rf7 13. Be3 Nd4 14. Nxd4 cxd4
15. Bd2 Qe7 16. Rac1 Be6 17. Qa5 Qd7 18. Kh2 b6 19. Qa6 Rc8 20. f3 Qd8 21. Rf2
Rfc7 22. b3 Qd7 23. Rcf1 Rf8 24. Bb4 Bh6 25. f4 Rf7 26. Qa3 Bf8 27. fxe5 Rxf2
28. Rxf2 a5 29. Bxd6 Bxd6 30. Qxd6 Qxd6 31. exd6 Rc5 32. Rd2 Kf7 33. Rxd4 1-0

[Event "SV Eichlinghofen 1 - SV Recklinghausen-"]
[Site "Verbandsklasse - Gruppe 3 202"]
[Date "2022.01.16"]
[Round "4.2"]
[White "Schuette, Tobias"]
[Black "Mecklenburg, Roland"]
[Result "1/2-1/2"]
[WhiteElo "2021"]
[BlackElo "1976"]
[PlyCount "67"]
[EventDate "2022.??.??"]
[WhiteTeam "SV Eichlinghofen 1"]
[BlackTeam "SV Recklinghausen-Süd 1"]

1. g3 g6 2. Bg2 Bg7 3. f4 e6 4. e4 Ne7 5. Nf3 O-O 6. O-O d6 7. d4 Nd7 8. c3 c5
9. Na3 d5 10. e5 a6 11. Be3 c4 12. Qd2 b5 13. g4 Nb6 14. Rae1 Bd7 15. Bf2 Qc8
16. Bh4 Re8 17. Bf6 Na4 18. Nh4 b4 19. Nb1 bxc3 20. bxc3 Rb8 21. f5 exf5 22.
gxf5 Nxf5 23. Nxf5 Bxf5 24. Bxd5 Rb2 25. Qg5 Qd7 26. Bxg7 Qxd5 27. Rxf5 Kxg7
28. Ref1 Rg2+ 29. Qxg2 Qxg2+ 30. Kxg2 gxf5 31. Nd2 Nxc3 32. Nxc4 Nxa2 33. Nd6
Re6 34. Nxf5+ 1/2-1/2

[Event "SV Eichlinghofen 1 - SV Recklinghausen-"]
[Site "Verbandsklasse - Gruppe 3 202"]
[Date "2022.01.16"]
[Round "4.3"]
[White "Parado, Dominador"]
[Black "Brockmann, Michael"]
[Result "0-1"]
[WhiteElo "1902"]
[BlackElo "2050"]
[PlyCount "70"]
[EventDate "2022.??.??"]
[WhiteTeam "SV Recklinghausen-Süd 1"]
[BlackTeam "SV Eichlinghofen 1"]

1. d4 d5 2. c4 e6 3. Nc3 Be7 4. cxd5 exd5 5. Bf4 c6 6. e3 Nf6 7. Bd3 O-O 8. Qc2
Nbd7 9. g4 Re8 10. O-O-O Nf8 11. h3 b5 12. Kb1 a5 13. Nf3 a4 14. Ne5 Bb7 15.
Ne2 Qb6 16. Rc1 Ra6 17. Ng3 g6 18. h4 N6d7 19. Nxd7 Nxd7 20. h5 c5 21. hxg6
fxg6 22. Rh6 Bf8 23. dxc5 Nxc5 24. Rh2 Nxd3 25. Qxd3 Re7 26. Ne2 d4 27. Qxd4
Qe6 28. Bh6 Rd7 29. Nf4 Qe4+ 30. Qxe4 Bxe4+ 31. Ka1 Rc6 32. Rg1 Rcd6 33. a3
Rd1+ 34. Rxd1 Rxd1+ 35. Ka2 Bb1+ 0-1

[Event "SV Eichlinghofen 1 - SV Recklinghausen-"]
[Site "Verbandsklasse - Gruppe 3 202"]
[Date "2022.01.16"]
[Round "4.4"]
[White "Wloka, Sebastian"]
[Black "Hoefker, Mathias"]
[Result "1/2-1/2"]
[WhiteElo "1866"]
[BlackElo "2073"]
[PlyCount "39"]
[EventDate "2022.??.??"]
[WhiteTeam "SV Eichlinghofen 1"]
[BlackTeam "SV Recklinghausen-Süd 1"]

1. d4 Nf6 2. Bg5 e6 3. e4 h6 4. Bxf6 Qxf6 5. Nc3 Bb4 6. Qd2 d5 7. e5 Qd8 8. a3
Be7 9. f4 b6 10. Nf3 Ba6 11. Bxa6 Nxa6 12. Qd3 Nb8 13. f5 exf5 14. Qxf5 O-O 15.
e6 c6 16. Ne5 fxe6 17. Qxe6+ Kh7 18. Qg6+ Kg8 19. Qe6+ Kh7 20. Qg6+ 1/2-1/2

[Event "SV Eichlinghofen 1 - SV Recklinghausen-"]
[Site "Verbandsklasse - Gruppe 3 202"]
[Date "2022.01.16"]
[Round "4.5"]
[White "Stahlhofen, Thomas"]
[Black "Richter, Jan"]
[Result "0-1"]
[WhiteElo "1802"]
[BlackElo "1852"]
[PlyCount "40"]
[EventDate "2022.??.??"]
[WhiteTeam "SV Recklinghausen-Süd 1"]
[BlackTeam "SV Eichlinghofen 1"]

1. e4 c5 2. Nf3 d6 3. d4 cxd4 4. Nxd4 Nf6 5. Nc3 g6 6. f3 Bg7 7. Be3 O-O 8. Qd2
Nc6 9. O-O-O d5 10. exd5 Nxd5 11. Nxd5 Qxd5 12. Nxc6 Qxc6 13. Qb4 Bf5 14. Qc4
Qf6 15. Qd4 Rfc8 16. Qxf6 Rxc2+ 17. Kb1 Bxf6 18. Ka1 Bxb2+ 19. Kb1 Rd2+ 20. Bd3
Bxd3# 0-1

[Event "SV Eichlinghofen 1 - SV Recklinghausen-"]
[Site "Verbandsklasse - Gruppe 3 202"]
[Date "2022.01.16"]
[Round "4.6"]
[White "Grewe, Markus"]
[Black "Kleiner, Tom"]
[Result "0-1"]
[WhiteElo "1804"]
[BlackElo "1921"]
[PlyCount "136"]
[EventDate "2022.??.??"]
[WhiteTeam "SV Eichlinghofen 1"]
[BlackTeam "SV Recklinghausen-Süd 1"]

1. e4 c5 2. b4 cxb4 3. Bb2 Nc6 4. d4 d5 5. exd5 Qxd5 6. Nf3 Bg4 7. Be2 O-O-O 8.
Nbd2 Nf6 9. a3 e5 10. dxe5 Ne4 11. Bd3 Nxd2 12. Kxd2 bxa3 13. Bc3 Nb4 14. Qe2
Bc5 15. Rhd1 Nxd3 16. cxd3 Rhe8 17. Ke1 f6 18. d4 Bf8 19. h3 Bxf3 20. Qxf3 Qxf3
21. gxf3 fxe5 22. dxe5 b5 23. Rdc1 Kb7 24. f4 b4 25. Rcb1 a5 26. Rxa3 Kb6 27.
Ke2 Rd5 28. Bd2 g5 29. Rg3 gxf4 30. Bxf4 Rexe5+ 31. Bxe5 Rxe5+ 32. Kd3 Kb5 33.
Rg8 Bc5 34. Rb8+ Bb6 35. Rb7 Rh5 36. f3 Rxh3 37. Ke4 Kc6 38. Rb8 Rh4+ 39. Kd3
Rf4 40. Rc1+ Kb5 41. Ke2 b3 42. Rh1 Rf6 43. Rxh7 a4 44. Kd2 a3 45. Rh5+ Kc6 46.
Ra8 a2 47. Rh1 Rxf3 48. Rd1 Rh3 49. Rf1 Bd4 50. Ra3 Bc3+ 51. Ke2 a1=Q 52. Rfxa1
Bxa1 53. Rxa1 Rc3 54. Rb1 Kc5 55. Kd2 Rc2+ 56. Kd3 Kb4 57. Rg1 Rc8 58. Rg7 b2
59. Rb7+ Ka3 60. Ra7+ Kb3 61. Rb7+ Ka2 62. Ra7+ Kb1 63. Kd2 Rd8+ 64. Ke2 Rd5
65. Ra8 Kc2 66. Rc8+ Kb3 67. Rb8+ Kc3 68. Rc8+ Kb4 0-1

[Event "SV Eichlinghofen 1 - SV Recklinghausen-"]
[Site "Verbandsklasse - Gruppe 3 202"]
[Date "2022.01.16"]
[Round "4.7"]
[White "Nguyen, Heinrich"]
[Black "Stede, Joachim"]
[Result "0-1"]
[WhiteElo "1181"]
[BlackElo "1641"]
[PlyCount "94"]
[EventDate "2022.??.??"]
[WhiteTeam "SV Recklinghausen-Süd 1"]
[BlackTeam "SV Eichlinghofen 1"]

1. e4 e6 2. d4 b6 3. f4 Bb7 4. Bd3 c5 5. c3 cxd4 6. cxd4 Nc6 7. Be3 Nb4 8. Nf3
Nxd3+ 9. Qxd3 Bb4+ 10. Nc3 Nf6 11. e5 Ng4 12. O-O f5 13. exf6 Nxf6 14. Ng5 Bxc3
15. bxc3 g6 16. Rae1 O-O 17. Bc1 Qc8 18. Qc2 Qc4 19. Re3 Rac8 20. Rh3 Qxd4+ 21.
Kh1 Be4 22. cxd4 Rxc2 23. Nxe4 Nxe4 24. Ra3 Rfc8 25. Be3 R8c3 26. Rxc3 Rxc3 27.
Bc1 Rd3 28. Bb2 Rd2 29. Rb1 Nf2+ 30. Kg1 Nd3 31. Bc3 Rxa2 32. g3 Rc2 33. Ba1
Kf7 34. Rd1 Nf2 35. Re1 d5 36. Kf1 Ne4 37. Re2 Rxe2 38. Kxe2 Kf6 39. Bb2 Kf5
40. Kf3 Nd2+ 41. Ke2 Nc4 42. Bc1 Ke4 43. g4 Kxd4 44. Kf3 b5 45. h4 b4 46. h5 b3
47. hxg6 hxg6 0-1

[Event "SV Eichlinghofen 1 - SV Recklinghausen-"]
[Site "Verbandsklasse - Gruppe 3 202"]
[Date "2022.01.16"]
[Round "4.8"]
[White "Fischer, Juergen"]
[Black "Komossa, Julian"]
[Result "1/2-1/2"]
[WhiteElo "1523"]
[BlackElo "1414"]
[PlyCount "59"]
[EventDate "2022.??.??"]
[WhiteTeam "SV Eichlinghofen 1"]
[BlackTeam "SV Recklinghausen-Süd 1"]

1. d4 d5 2. Nf3 Nf6 3. c3 e6 4. e3 c5 5. Nbd2 Be7 6. Bd3 O-O 7. O-O Nc6 8. dxc5
Bxc5 9. e4 dxe4 10. Nxe4 Nxe4 11. Bxe4 Qxd1 12. Rxd1 f6 13. b4 Be7 14. a4 e5
15. h3 Be6 16. Be3 a6 17. Ne1 Rfd8 18. Bb6 Rxd1 19. Rxd1 f5 20. Bd5 Bxd5 21.
Rxd5 Bd8 22. Bxd8 Rxd8 23. Rxd8+ Nxd8 24. Nd3 Nf7 25. Nc5 Nd6 26. a5 Kf7 27. f3
e4 28. fxe4 fxe4 29. Kf2 Kf6 30. g3 1/2-1/2

[Event "Hervest-Dorstener SK 1 - SF Brackel 4"]
[Site "Verbandsklasse - Gruppe 3 202"]
[Date "2022.01.16"]
[Round "4.1"]
[White "Reisberg, Andre"]
[Black "Tig, Achmet"]
[Result "1-0"]
[WhiteElo "2054"]
[BlackElo "1967"]
[PlyCount "105"]
[EventDate "2022.??.??"]
[WhiteTeam "SF Brackel 4"]
[BlackTeam "Hervest-Dorstener SK 1"]

1. d4 Nf6 2. c4 g6 3. Nc3 Bg7 4. e4 d6 5. Nf3 O-O 6. Be2 e5 7. O-O Nc6 8. d5
Ne7 9. Ne1 Nd7 10. Be3 f5 11. f3 f4 12. Bf2 g5 13. b4 Ng6 14. c5 Nf6 15. Rc1
Rf7 16. Nd3 h5 17. Qc2 g4 18. cxd6 cxd6 19. Nb5 Ne8 20. Rfd1 Bh6 21. a4 g3 22.
hxg3 fxg3 23. Bxg3 Bxc1 24. Qxc1 h4 25. Bh2 Bd7 26. Qh6 Rg7 27. Nxd6 Qb6+ 28.
Kh1 Qxd6 29. Nxe5 Nxe5 30. Qxd6 Nxd6 31. Bxe5 Rg6 32. Bxd6 Rxd6 33. e5 Rb6 34.
b5 Rf8 35. e6 Bc8 36. e7 Re8 37. d6 a5 38. Bc4+ Kg7 39. d7 Bxd7 40. Rxd7 Kf6
41. Bd5 Rxe7 42. Rxe7 Kxe7 43. Kh2 Kd6 44. Be4 Ke7 45. Kh3 Rh6 46. Kg4 b6 47.
f4 Kd6 48. Bf3 Ke6 49. Kg5 Rh8 50. f5+ Kf7 51. Bh5+ Ke7 52. f6+ Kf8 53. Kxh4
1-0

[Event "Hervest-Dorstener SK 1 - SF Brackel 4"]
[Site "Verbandsklasse - Gruppe 3 202"]
[Date "2022.01.16"]
[Round "4.2"]
[White "Nowok, Frank"]
[Black "Boehm, Malte"]
[Result "0-1"]
[WhiteElo "1896"]
[BlackElo "1994"]
[PlyCount "64"]
[EventDate "2022.??.??"]
[WhiteTeam "Hervest-Dorstener SK 1"]
[BlackTeam "SF Brackel 4"]

1. e4 c5 2. Nf3 d6 3. Bc4 Nf6 4. e5 dxe5 5. Nxe5 e6 6. Nc3 a6 7. a4 Bd6 8. Nf3
O-O 9. d3 h6 10. O-O Nc6 11. Re1 b6 12. Ne4 Bb8 13. Ng3 Ra7 14. Nh4 Re7 15. Nh5
Ree8 16. c3 Ne5 17. Bf4 Nxc4 18. Bxb8 Nxb2 19. Nxf6+ Qxf6 20. Qc2 Nxd3 21. Qxd3
Qxh4 22. Re4 Qd8 23. Bd6 f6 24. Qg3 Rf7 25. Rh4 Rd7 26. Rd1 e5 27. Qd3 Re6 28.
Rxh6 gxh6 29. Qf5 Rexd6 30. Rxd6 Rxd6 31. Qg6+ Kf8 32. Qxh6+ Ke8 0-1

[Event "Hervest-Dorstener SK 1 - SF Brackel 4"]
[Site "Verbandsklasse - Gruppe 3 202"]
[Date "2022.01.16"]
[Round "4.3"]
[White "Krueger, Sven"]
[Black "Hermanowski, Mark"]
[Result "1-0"]
[WhiteElo "1911"]
[BlackElo "1878"]
[PlyCount "57"]
[EventDate "2022.??.??"]
[WhiteTeam "SF Brackel 4"]
[BlackTeam "Hervest-Dorstener SK 1"]

1. e4 e6 2. d3 b6 3. Nd2 Bb7 4. Ngf3 h6 5. g3 Ne7 6. Bg2 g5 7. Nb3 Bg7 8. c3
O-O 9. O-O c5 10. h4 f6 11. e5 fxe5 12. hxg5 h5 13. Nh4 Bxg2 14. Kxg2 Qe8 15.
Qe2 Nf5 16. Nxf5 Rxf5 17. Rh1 Qf7 18. Be3 d5 19. Rxh5 d4 20. g4 Qb7+ 21. f3 Rf7
22. cxd4 exd4 23. g6 Rf6 24. Bh6 Rxg6 25. Bxg7 Rxg4+ 26. Kf2 Rxg7 27. Qxe6+ Qf7
28. Qc8+ Qf8 29. Rh8+ 1-0